Dictatorial Titles - Statistics

General Stats
  • This quiz has been taken 64 times
  • The average score is 6 of 18
Answer Stats
Title Dictator % Correct
Führer Adolf Hitler
96%
Chairman Mao Zedong
89%
Il Duce Benito Mussolini
79%
Ayatollah Ruhollah Khomeini / Ali Khamenei
68%
Caudillo Francisco Franco
49%
Dear Leader Kim Jong-il
44%
Maršal Josip Broz Tito
40%
Turkmenbashi Saparmurat Niyazov
21%
Udhëheqësi Enver Hoxha
19%
Conducător Ion Antonescu / Nicolae Ceaușescu
19%
Vozhd Joseph Stalin
19%
His Excellency, President for Life Idi Amin
14%
Brotherly Leader Muammar al-Gaddafi
11%
Vodca Jozef Tiso
7%
Father of Development Suharto
5%
Chief Executive Pervez Musharraf
4%
Adipati Ba Maw
2%
Arhigos Ioannis Metaxas
2%
No matching quizzes found
Score Distribution
Percent of People with Each Score
Percentile by Number Answered
Your Score History
You have not taken this quiz